Statistics for Metal Gear Characters

Click here to take the quiz!

General Stats

  • This quiz has been taken 396 times
  • The average score is 8 of 15

Answer Stats

HintAnswer% Correct
"You're pretty good!"Ocelot
86%
Exposed to radiation at Bikini AtollBig Boss
82%
Raised Huskies in AlaskaSolid Snake
78%
The first woman in spaceThe Boss
70%
Name of Solid & Liquid's motherEva
69%
Sounds like GodzillaRay
59%
The leader of the PatriotsZero
59%
Laugh and grow fatFatman
57%
Sounds like a dinosaurRex
57%
It even rained the day he was bornRaiden
54%
Giant and shamanVulcan Raven
39%
Moos like a cowGekko
32%
Sigint's real nameDonald Anderson
28%
Involved with the Manhatten ProjectHuey Emmerich
23%
Mentor of Solid SnakeKazuhira Miller
21%

Score Distribution

Percentile by Number Answered

Percent of People with Each Score

Your Score History

You have not taken this quiz